Disney 3 - Statistics

Estatísticas Gerais
  • Esse quiz foi jogado 291 vezes
  • A pontuação média é 10 de 15
Estatísticas das Respostas
Hint Resposta % Correto
Qual foi o primeiro filme ou curta que a Pixar criou? André e Wally B.
96%
Um boneco construído por um pai que desejava muito ter um filho. Qual a história desse clássico? Pinóquio
96%
Qual foi a primeira princesa da Disney? Branca de Neve
94%
Nesse clássico vimos uma cadela mimada que se chama Lady e um vira lata que se torna seu fiel protetor chamado Tramp, de qual clássico estamos a falar? A Dama e o Vagabundo
93%
O que Ursula queria de Ariel? Voz
87%
No desenho o Rei Leão como se chama o pai do pequeno Simba? Mufasa
86%
Que animais representam os personagens principais do desenho Bernardo e Bianca? Ratos
69%
Qual a cidade que a Wendy morava? Londres
59%
No desenho Frozen, a personagem Anna conhece um homem que vive na montanha, como ele chama? Kristoff
54%
Como se chama o macaco de estimação do personagem principal Alladin? Abu
52%
Qual o nome do gato da madrasta da Cinderela? Lucifer
51%
Em que ano a Disney foi fundada? 1923
50%
Como se chama o Príncipe do clássico A Bela Adormecida? Felipe
45%
Qual foi o Primeiro filme da Disney? Branca de Neve e os Sete Anões
38%
Qual o nome do Príncipe da Branca de Neve? Florian
33%
Nenhum quiz correspondente encontrado
Distribuição das Pontuações
Porcentagem de Pessoas com Cada Pontuação
Percentil de Números Respondidos
Sua Pontuação Histórica
Você não jogou esse quiz